Départements français - des hauts et des bas - Statistiques

Statistiques générales
  • Ce quiz a été pris 707 fois
  • Le résultat moyen est 11 sur 15
Statistiques - réponses
Indice Département % Correct
Haut Rhin
96%
Bas Rhin
95%
Haute Corse
87%
Haute Loire
83%
Hautes Alpes
82%
Haute Garonne
78%
Haute Marne
78%
Haute Saône
76%
Hautes Pyrénées
76%
Hauts de Seine
76%
Haute Savoie
74%
Haute Vienne
71%
Alpes de Haute Provence
60%
Disparu Basses Alpes
16%
Disparu Basses Pyrénées
16%
Aucun quiz correspondant
Distribution des résultats
% des personnes avec chaque résultat
Percentile par nombre de réponses
Votre historique - résultats
Vous n’avez pas pris ce quiz